000 02806nam a2200349 a 4500
001 8721
003 BD-DhEWU
005 20190101131323.0
008 190101s2017 caua g b 001 0 eng d
010 _a 2016031668
020 _a9781440849688 (paperback : acidfree paper)
020 _z9781440849695 (ebook)
035 _a(OCLC)950952212
040 _aDLC
_beng
_cDLC
_erda
_dDLC
_dBD-DhEWU
041 _aeng
050 0 0 _aZ713
_b.L53 2017
082 0 0 _a025.62
_223
_bLIB 2017
245 0 0 _aLibrary information and resource sharing :
_btransforming services and collections /
_cBeth Posner, editor ; foreword by Anne K. Beaubien.
260 _aSanta Barbara :
_bLibraries Unlimited,
_cc2017
300 _axvii, 174 p. :
_bill. ;
_c24 cm
504 _aIncludes bibliographical references and index.
505 0 _tTOC
_aIntroduction to library and information resource sharing / Beth Posner -- Interlibrary loan services today / Heather Weltin -- From discovery to delivery : providing access to library collections / Jessica McGivney -- Thinking locally and sharing globally : the impact of library policies on collection sharing / Seangill (Peter) Bae -- Library collection building : the interlocking functions of ill, acquisitions, and collection development / Keri Goergen-Doll, Angela Rathmel, and Leon Lars -- Facilitating information sharing through library collection maintenance and preservation / Tina Baich and Sherri Michaels -- Sharing digital collections and content / J. Silvia Cho and LeEtta Schmidt -- The evolution of library resource sharing / Collette Mak.
520 _a Through the perspectives of interlibrary loan (ILL) specialists, this book examines what ILL departments are doing, the value of ILL librarians in the evolving library environment, and how library collections and services are being affected by new ILL policies. Tapping a knowledge base of more than a dozen ILL practitioners, Posner offers diverse viewpoints on all that ILL specialists can do to help connect people and information, enabling library administrators, whose support ILL needs to succeed, to grasp how ILL is essential to fulfilling the information-sharing mission of all librarians. This volume also emphasizes how the ever-increasing interconnections between ILL and other areas of library activity behoove non-ILL librarians to be more aware of emerging ILL developments.
526 _aDIS
_bDIS
590 _aSagar Shahanawaz
650 0 _aInterlibrary loans.
_923670
650 0 _aLibrary cooperation.
_922557
700 1 _aPosner, Beth,
_eeditor.
_923671
856 4 2 _3WorldCat Details
_uhttps://www.worldcat.org/title/library-information-and-resource-sharing-transforming-services-and-collections/oclc/950952212&referer=brief_results
942 _2ddc
_cTEXT
999 _c8721
_d8721
999 _c8721
_d8721